000 00578nam a2200229Ia 4500
003 OSt
005 20220924140808.0
006 a|||||r|||| 00| 0
007 ta
008 220923b |||||||| |||| 00| 0 ben d
024 _a296163
037 _cTextual
040 _aARTS
_cARTS
_bben
041 _2ben
_aben
082 _aO157,3NCH15x, L7
100 _aChattopadayay
_9211587
245 0 _aShetpatharer tabil
260 _c1977
650 _aBENGALI LITERATURE
942 _hO157,3NCH15x, L7
_cTEXL
_2CC
999 _c445286
_d445286